Las remesas como determinantes del gasto en las zonas rurales de México (Record no. 184428)
[ view plain ]
| 000 -CABECERA | |
|---|---|
| campo de control de longitud fija | 01914nab a2200289 a 4500 |
| 005 - FECHA Y HORA DE LA ÚLTIMA TRANSACCIÓN | |
| campo de control | 20210219162856.0 |
| 008 - ELEMENTOS DE LONGITUD FIJA--INFORMACIÓN GENERAL | |
| campo de control de longitud fija | 991125s1985 mx 000 0 spa u |
| 035 ## - NÚMERO DE CONTROL DEL SISTEMA | |
| Número de control de sistema | UPN01000212328 |
| 049 ## - COLECCIÓN | |
| Colección | ART |
| 100 1# - ASIENTO PRINCIPAL--NOMBRE PERSONAL | |
| Nombre de persona | Mora Rivera, José Jorge |
| 100 1# - ASIENTO PRINCIPAL--NOMBRE PERSONAL | |
| Filiación | Jjmora@itesm.mx |
| 100 1# - ASIENTO PRINCIPAL--NOMBRE PERSONAL | |
| Nombre de persona | Arellano González, Jesús |
| 100 1# - ASIENTO PRINCIPAL--NOMBRE PERSONAL | |
| Filiación | Jarellanog@ucdavis.edu |
| 222 #0 - TÍTULO CLAVE | |
| Título clave | ESTUDIOS FRONTERIZOS : REVISTA DE CIENCIAS SOCIALES Y HUMANIDADES |
| 245 00 - MENCIÓN DE TÍTULO | |
| Título | Las remesas como determinantes del gasto en las zonas rurales de México |
| 260 ## - PUBLICACIÓN, DISTRIBUCIÓN, ETC. | |
| Lugar de publicación, distribución, etc. | Mexicali, México |
| 300 ## - DESCRIPCIÓN FÍSICA | |
| Extensión | 1-27 |
| 362 0# - FECHAS DE PUBLICACIÓN Y/O DESIGNACIÓN SECUENCIAL | |
| Fecha de publicación y/o designación secuencial | 2016 Nueva época, volumen 17, número 33, enero-junio |
| 520 3# - NOTA DE RESUMEN, ETC. | |
| Sumario, etc. | En este trabajo se presentan diferentes especificaciones empíricas para probar el impacto de las remesas nacionales e internacionales en los patrones de gasto de los hogares rurales mexicanos. Utilizando la Encuesta Nacional de Ingresos y Gastos de los Hogares de 1988 a 2012 se desarrolla un enfoque econométrico que considera la censura en distintas categorías de gasto y controla el efecto de las remesas a nivel hogar. Los resultados indican efectos significativos de las remesas internas y externas sobre los patrones de gasto de los hogares; estas fuentes de ingreso no son fungibles y remodelan la demanda de los hogares de forma independiente al ingreso total. Los efectos en cada categoría de gasto son diferentes por tipo de remesas. Las remesas internas estimulan en mayor medida categorías relacionadas con las inversiones en desarrollo humano, salud y educación; mientras que las remesas externas estimulan categorías relacionadas con inversiones en capital físico |
| 653 0# - TERMINO DE INDIZACION - NO CONTROLADO | |
| Término no controlado | REMESAS |
| 653 0# - TERMINO DE INDIZACION - NO CONTROLADO | |
| Término no controlado | HOGARES RURALES |
| 653 0# - TERMINO DE INDIZACION - NO CONTROLADO | |
| Término no controlado | MIGRACION |
| 653 0# - TERMINO DE INDIZACION - NO CONTROLADO | |
| Término no controlado | MEXICO |
| 856 4# - LOCALIZACIÓN Y ACCESO ELECTRÓNICOS | |
| Identificador Uniforme del Recurso | <a href="http://www.redalyc.org/articulo.oa?id=53043185009">http://www.redalyc.org/articulo.oa?id=53043185009</a> |
| 856 4# - LOCALIZACIÓN Y ACCESO ELECTRÓNICOS | |
| Identificador Uniforme del Recurso | <a href="http://ref.uabc.mx/ojs/index.php/ref/article/view/569/995">http://ref.uabc.mx/ojs/index.php/ref/article/view/569/995</a> |
| 905 ## - TIPO DE MATERIAL | |
| Tipo de material | Articulo |
No items available.
